000 00694nab a2200193 4500
001 244442
003 OSt
005 20250728094800.0
007 tu
008 200917s2020|||||||
040 _aDE-2950
_cDE-2950
245 0 0 _aForderung nach Kurswechsel bei der Stadtentwicklung
_bOB-Wahl. Die Frankfurter Netzwerkstatt und der Hanse-Club haben eine gemeinsame Erklärung veröffentlicht. Darin formulieren beide ihre Erwartungen an das nächste Stadtoberhaupt/
_cThomas Gutke
264 _c2024
653 _aFrankfurt (Oder)
653 _aNetzwerkstatt
653 _aOB-Wahl
773 0 _g36. Jahrgang (2025) Nr. 111 vom 26.07.2025, S. 17 mit Foto
_tMärkische Oderzeitung
942 _2z
_cA
999 _c373917
_d373917